000 00501nam a2200193 a 4500
001 1771589609258
003 YourLibrary
005 20260220174643.0
008 260220s2009##################000#0#eng##
020 _a9780415555814
082 0 4 _a320.6
_bBLA.40
100 1 _aBlackham, H. J.,
_eauthor.
245 1 0 _aPolitical Discipline in a Free Society :
260 _c2009.
300 _a288 pages
650 0 _aPolitical Science.
942 _cENGLISH
040 _aYourLibrary
_beng
_cYourLibrary
999 _c614787
_d614787